| 000 | 01236cam a2200337 a 4500 | ||
|---|---|---|---|
| 999 |
_c18314 _d18286 |
||
| 003 | EG-ScBUE | ||
| 005 | 20201031093022.0 | ||
| 008 | 140622t2003 nyuo f 000 d eng d | ||
| 020 | _a9780060512637 | ||
| 040 |
_aEG-ScBUE _beng _erda _cEG-ScBUE _dEG-ScBUE |
||
| 043 | _an-us-nh | ||
| 082 | 0 | 4 |
_a812.52 _bWIL _222 |
| 100 | 1 |
_aWilder, Thornton, _d1897-1975, _eauthor. _936006 |
|
| 245 | 1 | 0 |
_aOur town : _ba play in three acts / _cThornton Wilder ; [foreword by Donald Margulies] |
| 264 | 1 |
_aNew York : _bHarper Perennial Modern classics, _c[2003] |
|
| 264 | 4 | _cc2003 | |
| 300 |
_axx, 181 pages : _bphotographs ; _c21 cm. |
||
| 336 |
_2rdacontent _atext _btxt |
||
| 337 |
_2rdamedia _aunmediated _bn |
||
| 338 |
_2rdacarrier _avolume _bnc |
||
| 490 | 0 | _aPerennial classics | |
| 500 | _a"First Perennial Classics edition published 1998; reissued 2003"-T.p. verso. | ||
| 650 | 7 |
_aCity and town life _vDrama. _936007 _2BUEsh |
|
| 650 | 7 |
_aYoung women _vDrama. _925288 _2BUEsh |
|
| 650 | 7 |
_aDeath _vDrama. _936008 _2BUEsh |
|
| 651 | 7 |
_aNew Hampshire _vDrama. _936010 _2BUEsh |
|
| 653 |
_cJune2014 _bHHUUEENN |
||
| 655 |
_vReading book _934232 |
||
| 700 | 1 |
_aMargulies, Donald, _eauthor of introduction, etc. _936009 |
|
| 942 |
_2ddc _k812.52 WIL _cBB |
||